000 00817nam a2200229 i 4500
001 182825
003 ES-MaACL
005 20230906221725.0
008 131107s1987 sp |||| | spa d
100 1 _aVidondo, José Luis.
_9153795
245 1 0 _aJosé Luis Vidondo
_b: interiores : [exposición].
260 _aDurango :
_bMuseo de Arte e Historia,
_c1987.
300 _a[12] p. :
_bfot. ;
_c24 cm.
490 1 _aCarnet (Museo de Arte e Historia de Durango) ;
_v3
600 1 4 _aVidondo, José Luis-
_vExposiciones.
_9153796
655 7 _2tgfbne
_9193628
_aCatálogos de exposiciones
710 2 _aMuseo de Arte e Historia de Durango.
_9153797
830 0 _aCarnet (Museo de Arte e Historia de Durango) ;
_v3
_9224900
852 _aES-MaACL
_j2329-F-37
942 _2udc
999 _c182825
_d182825